[Event "AUTO-OPEN-1589"]
[Site "http://www.queenalice.com/game.php?id=604364"]
[Date "2009.6.16"]
[Round "1"]
[White "jtorres"]
[Black "Tolston"]
[Result "0-1"]
[WhiteElo "1201"]
[BlackElo "1100"]

1. e4 c5 2. d3 g6 3. Nf3 Bg7 4. c3 Nc6 5. d4 cxd4 6. cxd4 Qb6 7. Nc3 d6 8. d5
Ne5 9. Nxe5 Bxe5 10. Be3 Qxb2 11. Qa4+ Bd7 12. Rb1 Bxc3+ 13. Kd1 Bxa4# 0-1

[Event "AUTO-OPEN-1589"]
[Site "http://www.queenalice.com/game.php?id=604365"]
[Date "2009.6.16"]
[Round "1"]
[White "Tolston"]
[Black "jtorres"]
[Result "1-0"]
[WhiteElo "1556"]
[BlackElo "1196"]

1. e4 e5 2. Nf3 Bc5 3. Nxe5 Qf6 4. Nf3 d6 5. d4 Bb6 6. Nc3 Nc6 7. Be3 Nh6 8. Nd5
Ba5+ 9. c3 Ng4 10. Nxf6+ Nxf6 11. e5 Ne4 12. Bd3 Ng5 13. Nxg5 O-O 14. Bxh7+ Kh8
15. Qh5 Bf5 16. Bxf5+ Kg8 17. Qh7# 1-0

[Event "AUTO-BEG-322"]
[Site "http://www.queenalice.com/game.php?id=605441"]
[Date "2009.6.18"]
[Round "1"]
[White "glauco_marcal"]
[Black "jtorres"]
[Result "1-0"]
[WhiteElo "1359"]
[BlackElo "1261"]

1. d4 d5 2. f4 f5 3. b4 b5 4. Qd3 Qd6 5. Qxb5+ c6 6. Qd3 Na6 7. b5 Nb4 8. Qd2
cxb5 9. a3 Nc6 10. Nf3 Nf6 11. Ng5 Ne4 12. Qe3 e6 13. a4 b4 14. a5 Nxa5 15. Rxa5
Be7 16. Nh3 b3 17. cxb3 Qb6 18. Ra3 Bxa3 19. Nxa3 a5 20. Qf3 g6 21. Ng5 Nxg5 22.
Qc3 Ne4 23. Qe3 a4 24. bxa4 Bd7 25. g4 Bxa4 26. gxf5 Qa5+ 27. Bd2 Nxd2 28. Bh3
Nc4+ 29. Kf2 Nxe3 30. Kxe3 Qc3+ 31. Kf2 Qxh3 32. fxe6 Qxe6 33. e3 Bb3 34. Nb5
Ra2+ 35. Kf3 1-0

[Event "AUTO-BEG-322"]
[Site "http://www.queenalice.com/game.php?id=605442"]
[Date "2009.6.18"]
[Round "1"]
[White "jtorres"]
[Black "glauco_marcal"]
[Result "0-1"]
[WhiteElo "1274"]
[BlackElo "1346"]

1. b3 Nc6 2. Ba3 d6 3. Nc3 Nd4 4. e3 Nc6 5. Nf3 a6 6. Bc4 Na5 7. Bd3 Qd7 8. O-O
d5 9. Ng5 Qd6 10. Bxd6 cxd6 11. Nxh7 d4 12. exd4 e6 13. Nxf8 Kxf8 14. g3 Nf6 15.
Na4 Rb8 16. Nb6 Nc6 17. Nxc8 Rxc8 18. c3 b5 19. b4 Nh5 20. Qg4 f5 21. Qg6 a5 22.
Be2 Nf6 23. Bxb5 Ne7 24. Qg5 Ne4 25. Qe3 Rh3 26. Bd7 Rc7 27. Bxe6 a4 28. a3 Nxg3
29. Rfe1 f4 30. Qxf4+ Ngf5 31. Bxf5 Nd5 32. Qxd6+ Ne7 33. Bxh3 Ra7 34. Qf4+ Ke8
35. d5 Ra6 36. Qe5 Rh6 0-1

[Event "AUTO-BEG-322"]
[Site "http://www.queenalice.com/game.php?id=605457"]
[Date "2009.6.18"]
[Round "1"]
[White "noopy"]
[Black "jtorres"]
[Result "1-0"]
[WhiteElo "1422"]
[BlackElo "1235"]

1. e4 e6 2. e5 Nc6 3. d4 d5 4. Nf3 Nh6 5. Bb5 Bd7 6. Nc3 Nf5 7. Bg5 f6 8. Bh4
Nxh4 9. Nxh4 fxe5 10. g3 Qg5 11. Nf3 a6 12. Nxg5 O-O-O 13. Nf7 Bb4 14. Qd3 e4
15. Qe3 Rhf8 16. Nxd8 Rxd8 17. Bxc6 Bxc6 18. O-O h6 19. b3 Ba3 20. Qf4 Bb2 21.
Rad1 Bxc3 22. Qf7 g6 23. Qxe6+ Bd7 24. Qxg6 Re8 25. Qxh6 Bb4 26. a4 Bf8 27. Qg6
b5 28. Qxa6+ Kd8 29. axb5 e3 30. fxe3 Rxe3 31. Rxf8+ Ke7 32. Qf6# 1-0

[Event "AUTO-BEG-322"]
[Site "http://www.queenalice.com/game.php?id=605458"]
[Date "2009.6.18"]
[Round "1"]
[White "jtorres"]
[Black "noopy"]
[Result "0-1"]
[WhiteElo "1282"]
[BlackElo "1441"]

1. b3 b5 2. b4 d5 3. d4 Nc6 4. a3 Nxd4 5. Qxd4 Nf6 6. Nc3 e6 7. e4 Be7 8. Bf4
O-O 9. Nf3 dxe4 10. Nxe4 Qxd4 11. Nxd4 Nxe4 12. Bxb5 Bf6 13. Rd1 Rd8 14. Be3 Rb8
15. Bc6 a6 16. O-O e5 17. Nf3 Bg4 18. Bxe4 g6 19. Rd5 Rxd5 20. Bxd5 e4 21. Bxe4
Re8 22. Bb7 Bc8 23. Bc6 Re6 24. h3 Rxc6 25. c4 Rxc4 26. Ng5 Rc3 27. a4 Rc4 28.
Rb1 Be7 29. Nf3 Bxb4 30. Ne5 Re4 31. Nc6 Bc3 32. f3 Rxe3 33. Kf2 Re6 34. Na7 Bd7
35. Rb8+ Re8 36. Rb3 Bd4+ 37. Kf1 Bxa7 38. Rb7 Bb6 39. g4 Bxa4 40. Ra7 Bxa7 41.
Kg2 c5 42. h4 c4 43. h5 c3 44. hxg6 hxg6 45. Kg3 c2 46. Kh4 c1=Q 47. f4 f6 48.
f5 Qg5+ 49. Kg3 Re3+ 50. Kf2 Qxg4 51. Kf1 Qe2+ 52. Kg1 Rh3# 0-1

[Event "AUTO-BEG-322"]
[Site "http://www.queenalice.com/game.php?id=605467"]
[Date "2009.6.18"]
[Round "1"]
[White "Ozimarjr"]
[Black "jtorres"]
[Result "0-1"]
[WhiteElo "1367"]
[BlackElo "1262"]

1. e4 e6 2. d4 Bb4+ 3. c3 Ba5 4. Nf3 Nf6 5. Qa4 Bb6 6. Ne5 Qe7 7. Bc4 Nc6 8.
Nxc6 dxc6 9. O-O O-O 10. e5 Ne4 11. Re1 Ng5 12. Qb4 c5 13. dxc5 Bxc5 14. Qb3 Bd7
15. Nd2 a5 16. Qxb7 Bb6 17. Nb3 a4 18. Nd4 a3 19. bxa3 Rfb8 20. Bxg5 Qxg5 21.
Nc6 Rxb7 22. Nb4 Ba5 23. g3 c5 24. Na6 Bxc3 25. Nc7 Ra4 26. Ba6 Rxc7 27. Rec1
Bxa1 28. Rxa1 Rxa6 29. Rb1 Rxa3 30. Rb8+ Bc8 31. Rb5 Qg4 32. Rb8 g5 33. Rb1 c4
34. Rb8 c3 35. Rb1 c2 36. Rc1 Rxa2 37. Re1 c1=Q 38. Rxc1 Rxc1+ 39. Kg2 Qe2 40.
g4 Rc3 41. Kh1 Qxf2 42. h3 Ra1# 0-1

[Event "AUTO-BEG-322"]
[Site "http://www.queenalice.com/game.php?id=605468"]
[Date "2009.6.18"]
[Round "1"]
[White "jtorres"]
[Black "Ozimarjr"]
[Result "1-0"]
[WhiteElo "1311"]
[BlackElo "1382"]

1. e3 d5 2. Bb5+ c6 3. Bd3 h5 4. Nf3 Bg4 5. h3 Be6 6. e4 dxe4 7. Bxe4 Bd5 8. Nc3
Bc4 9. d3 Ba6 10. Qe2 Qa5 11. Ne5 f6 12. Bg6+ Kd8 13. Nf7+ Ke8 14. Nxh8+ Kd7 15.
Qe4 Qe5 16. d4 Qxe4+ 17. Nxe4 e5 18. Bf5+ Kd8 19. dxe5 fxe5 20. Bg5+ Be7 21.
Rd1+ Nd7 22. Rxd7+ Kc8 23. Bxe7 Nxe7 24. Rxe7+ Kd8 25. Rxg7 b5 26. Rg8+ Kc7 27.
Rxa8 Kb7 28. Rd8 Kc7 29. Rd6 Kb6 30. b4 Bb7 31. Nf6 Kc7 32. Rd7+ Kb6 33. O-O Bc8
34. Rd8 Bxf5 35. h4 Bxc2 36. Rc1 Ba4 37. Re1 c5 38. bxc5+ Kxc5 39. Ne4+ Kc4 40.
Rc1+ Kb4 41. Nc5 Ka5 42. Nxa4 Kxa4 43. Rb1 e4 44. Re1 b4 45. Ra1 a6 46. Ng6 a5
47. Ne5 b3 48. axb3+ Kb4 49. Ra8 Kxb3 50. R8xa5 Kc3 51. Rc5+ Kd4 52. Rca5 e3 53.
Rd1+ Ke4 54. fxe3 Kxe3 55. Rb1 Kf4 56. Rb4+ Kg3 57. Ra3# 1-0

[Event "Challenge"]
[Site "http://www.queenalice.com/game.php?id=610860"]
[Date "2009.6.29"]
[Round "-"]
[White "jtorres"]
[Black "Darth_Dany"]
[Result "1-0"]
[WhiteElo "1253"]
[BlackElo "1342"]

1. e4 e5 2. Nf3 Nc6 3. Nc3 h5 4. h4 a5 5. a4 Nf6 6. Nd5 Ng4 7. d4 exd4 8. Nxd4
Nce5 9. f3 Nh6 10. Nf5 Ng8 11. b4 axb4 12. Bb2 Nc6 13. c3 g6 14. Nd4 Ne5 15.
cxb4 c6 16. Nc3 Bxb4 17. a5 c5 18. Nb5 c4 19. Qd4 f6 20. Be2 Ne7 21. f4 N7c6 22.
Qd5 b6 23. Nd6+ Ke7 24. Nxc8+ Qxc8 25. O-O-O Rxa5 26. Nb5 Qb7 27. fxe5 fxe5 28.
Bxe5 Qa6 29. Bxc4 1-0

[Event "Challenge"]
[Site "http://www.queenalice.com/game.php?id=611190"]
[Date "2009.6.30"]
[Round "-"]
[White "marcelotorres"]
[Black "jtorres"]
[Result "1-0"]
[WhiteElo "1752"]
[BlackElo "1272"]

1. d4 d5 2. Nc3 Nf6 3. a3 Nc6 4. e3 Ne4 5. Nxe4 Bf5 6. Ng3 Bg6 7. Bb5 Qd7 8. Qf3
e6 9. c3 a6 10. Ba4 b5 11. Bd1 Na5 12. N1e2 Be7 13. Nf4 Nc4 14. Nxg6 hxg6 15. e4
O-O-O 16. Qxf7 dxe4 17. Nxe4 Rh6 18. Qxg7 Rhh8 19. Nf6 Qd6 20. g3 Rhf8 21. Ne4
Qd7 22. Bg5 Rde8 23. Bxe7 Qxe7 24. Qxe7 Rxe7 25. b3 Ne5 26. dxe5 Rd7 27. Bg4 Rd3
28. Bxe6+ Kd8 29. O-O Re8 30. Rad1 Rxd1 31. Rxd1+ Ke7 32. Bg4 c6 33. Rd6 b4 34.
axb4 a5 35. bxa5 Ra8 36. Rxc6 Rxa5 37. e6 Ra1+ 38. Kg2 Rb1 39. Rc7+ Kd8 40. Rd7+
Ke8 41. b4 Rb3 42. e7 g5 43. h4 gxh4 44. gxh4 Kf7 45. Nd6+ Kf6 46. e8=Q 1-0

[Event "AUTO-OPEN-1609"]
[Site "http://www.queenalice.com/game.php?id=613672"]
[Date "2009.7.5"]
[Round "1"]
[White "ironildo_luiz"]
[Black "jtorres"]
[Result "1-0"]
[WhiteElo "1810"]
[BlackElo "1328"]

1. e4 e5 2. Nf3 Nc6 3. Bc4 Qe7 4. O-O Nf6 5. Nc3 Nd4 6. d3 c6 7. Be3 b5 8. Bb3
Nxb3 9. axb3 Ng4 10. Bxa7 b4 11. Ne2 h5 12. Bc5 Qxc5 13. Rxa8 Be7 14. Rxc8+ Bd8
15. d4 Qb5 16. Ra8 O-O 17. h3 Nf6 18. Nxe5 Bc7 19. Rxf8+ Kxf8 20. f4 d6 21. c4
Qa5 22. Nxc6 Qb6 23. e5 Ne4 24. exd6 Bxd6 25. Ne5 f6 26. Nd7+ Ke8 27. Nxb6 1-0

[Event "AUTO-OPEN-1609"]
[Site "http://www.queenalice.com/game.php?id=613673"]
[Date "2009.7.5"]
[Round "1"]
[White "jtorres"]
[Black "ironildo_luiz"]
[Result "0-1"]
[WhiteElo "1326"]
[BlackElo "1812"]

1. e4 b6 2. Nc3 Bb7 3. d4 e6 4. e5 d5 5. Bb5+ Nd7 6. g3 a6 7. Bd3 c5 8. dxc5
Nxc5 9. Be2 d4 10. Bf3 Bxf3 11. Nxf3 dxc3 12. b3 Qxd1+ 13. Kxd1 Ne4 14. Be3 Bc5
15. b4 Bxe3 16. Re1 Rd8+ 17. Ke2 Bxf2 18. a4 Bxe1 19. Rxe1 Ne7 20. h4 Nxg3+ 21.
Kf2 Nef5 22. Rg1 Ne4+ 23. Ke2 O-O 24. h5 Nd4+ 25. Nxd4 Rxd4 0-1

[Event "AUTO-OPEN-1609"]
[Site "http://www.queenalice.com/game.php?id=613698"]
[Date "2009.7.5"]
[Round "1"]
[White "minhoca_verde"]
[Black "jtorres"]
[Result "1-0"]
[WhiteElo "1388"]
[BlackElo "1291"]

1. e3 e5 2. c4 c5 3. Nf3 Nc6 4. Bd3 d6 5. O-O Be7 6. e4 Nd4 7. Nxd4 cxd4 8. c5
dxc5 9. a4 a5 10. Bb5+ Bd7 11. Qf3 Nh6 12. d3 Bg5 13. Na3 Bxb5 14. axb5 b6 15.
Nc4 f6 16. Bxg5 fxg5 17. Nxe5 g4 18. Nxg4 Nxg4 19. Qxg4 O-O 20. e5 Qe7 21. Rae1
Rae8 22. Re4 h6 23. e6 1-0

[Event "AUTO-OPEN-1609"]
[Site "http://www.queenalice.com/game.php?id=613699"]
[Date "2009.7.5"]
[Round "1"]
[White "jtorres"]
[Black "minhoca_verde"]
[Result "0-1"]
[WhiteElo "1279"]
[BlackElo "1400"]

1. e4 e6 2. e5 c5 3. c4 Nc6 4. Nf3 Nb4 5. Qb3 Nh6 6. d3 f6 7. d4 cxd4 8. Nxd4
fxe5 9. Nb5 Qb6 10. Be3 Qc6 11. a3 Na6 12. Be2 Qxg2 13. Nc7+ Nxc7 14. Nd2 Qxh1+
15. Nf1 Nf5 16. O-O-O Nxe3 17. Nxe3 Qxh2 18. c5 Qxf2 19. Bh5+ g6 20. Bg4 h5 21.
Bh3 Bxc5 22. Nc4 Rf8 23. Nxe5 Qf4+ 0-1

[Event "AUTO-OPEN-1609"]
[Site "http://www.queenalice.com/game.php?id=613716"]
[Date "2009.7.5"]
[Round "1"]
[White "jtorres"]
[Black "traub"]
[Result "0-1"]
[WhiteElo "1303"]
[BlackElo "1943"]

1. e4 e5 2. d4 exd4 3. Qxd4 Nc6 4. Qc5 Bxc5 5. Be3 Bxe3 6. fxe3 Qh4+ 7. g3 Qxe4
8. Nd2 Qxh1 9. Ngf3 d5 10. O-O-O Nf6 11. Bd3 Qg2 12. b3 Nb4 13. Kb1 Nxd3 14. Rg1
Qh3 15. cxd3 Qf5 16. Nh4 Qxd3+ 17. Kc1 Qc3+ 18. Kd1 Qa1+ 19. Ke2 Qxg1 20. Ndf3
Bg4 21. Kd3 Qd1+ 22. Kc3 Ne4+ 23. Kb4 c5+ 24. Kb5 Bd7+ 0-1

[Event "AUTO-OPEN-1609"]
[Site "http://www.queenalice.com/game.php?id=613717"]
[Date "2009.7.5"]
[Round "1"]
[White "traub"]
[Black "jtorres"]
[Result "1-0"]
[WhiteElo "1938"]
[BlackElo "1281"]

1. e4 e5 2. f4 exf4 3. Nf3 d6 4. d4 Qe7 5. Nc3 Nf6 6. Qe2 Nh5 7. Nd5 Qd7 8. Nxf4
Nxf4 9. Bxf4 b6 10. e5 Be7 11. exd6 cxd6 12. O-O-O O-O 13. Qe4 Nc6 14. Bb5 d5
15. Bxc6 Qxc6 16. Ne5 Qb7 17. Qe3 h6 18. Qg3 Bd6 19. Bxh6 f6 20. Bxg7 Rf7 21.
Bxf6+ Kh7 22. Qg6# 1-0

[Event "AUTO-BEG-326"]
[Site "http://www.queenalice.com/game.php?id=615050"]
[Date "2009.7.8"]
[Round "1"]
[White "goleiro"]
[Black "jtorres"]
[Result "1-0"]
[WhiteElo "1362"]
[BlackElo "1268"]

1. e4 e5 2. Nc3 Nc6 3. Bb5 a6 4. Ba4 d6 5. Nd5 Bd7 6. d3 Nd4 7. Bxd7+ Qxd7 8.
Nf3 Ne7 9. Bg5 Nxd5 10. exd5 h6 11. Be3 Nxf3+ 12. Qxf3 1-0

[Event "AUTO-BEG-326"]
[Site "http://www.queenalice.com/game.php?id=615064"]
[Date "2009.7.8"]
[Round "1"]
[White "rito"]
[Black "jtorres"]
[Result "0-1"]
[WhiteElo "1303"]
[BlackElo "1244"]

1. Nc3 Nc6 2. e4 e5 3. f3 Bc5 4. Nh3 d6 5. g4 g5 6. Bc4 Be6 7. Bb5 a6 8. Bxc6+
bxc6 9. a4 Nf6 10. Nxg5 Nd7 11. d3 h6 12. Nh3 Qh4+ 13. Nf2 Qxf2# 0-1

[Event "AUTO-BEG-326"]
[Site "http://www.queenalice.com/game.php?id=615065"]
[Date "2009.7.8"]
[Round "1"]
[White "jtorres"]
[Black "rito"]
[Result "1-0"]
[WhiteElo "1224"]
[BlackElo "1325"]

1. e4 Nf6 2. Nc3 e5 3. Bc4 d6 4. d3 Nc6 5. Nd5 Rb8 6. Nxf6+ gxf6 7. Bd2 Nd4 8.
Be3 Nc6 9. Qh5 Kd7 10. Qxf7+ Be7 11. Be6# 1-0

[Event "AUTO-BEG-326"]
[Site "http://www.queenalice.com/game.php?id=615074"]
[Date "2009.7.8"]
[Round "1"]
[White "jtorres"]
[Black "Eddiemasses"]
[Result "0-1"]
[WhiteElo "1246"]
[BlackElo "1328"]

1. e4 e5 2. Nf3 Nc6 3. Nc3 Nf6 4. Bc4 Bc5 5. Nxe5 Nxe5 6. d3 d6 7. Nd5 Be6 8. h3
c6 9. Nxf6+ Qxf6 10. Bxe6 Qxf2# 0-1